Knowledge Petals: IOT Essential Building and Deploying Practical Solutions (Record no. 13113)

MARC details
000 -LEADER
fixed length control field 00418nam a22001457a 4500
003 - CONTROL NUMBER IDENTIFIER
control field OSt
008 - FIXED-LENGTH DATA ELEMENTS--GENERAL INFORMATION
fixed length control field 250212b |||||||| |||| 00| 0 eng d
020 ## - INTERNATIONAL STANDARD BOOK NUMBER
International Standard Book Number 9788196680176
100 ## - MAIN ENTRY--PERSONAL NAME
Personal name GOEL, Rahul
245 ## - TITLE STATEMENT
Title Knowledge Petals: IOT Essential Building and Deploying Practical Solutions
260 ## - PUBLICATION, DISTRIBUTION, ETC. (IMPRINT)
Place of publication, distribution, etc New Delhi:
Name of publisher, distributor, etc Naples Indian Publication:
Date of publication, distribution, etc 2024.
300 ## - PHYSICAL DESCRIPTION
Extent 202p.
650 ## - SUBJECT ADDED ENTRY--TOPICAL TERM
Topical term or geographic name as entry element Faculty Publication
942 ## - ADDED ENTRY ELEMENTS (KOHA)
Source of classification or shelving scheme Dewey Decimal Classification
Koha item type Text Books
Holdings
Withdrawn status Lost status Source of classification or shelving scheme Damaged status Not for loan Collection code Home library Current library Date acquired Source of acquisition Currency Cost, normal purchase price Total Checkouts Acc. no. / Barcode Date last seen Actual Cost, discounted price Bill Date Koha item type
    Dewey Decimal Classification     Faculty Publication PIET C-LIBRARY PIET C-LIBRARY 13/02/2025 Naples India INR 690.00   38641 13/02/2025 690.00 04/02/2025 Text Books
    Dewey Decimal Classification     Faculty Publication PIET C-LIBRARY PIET C-LIBRARY 13/02/2025 Naples India INR 690.00   38642 13/02/2025 690.00 04/02/2025 Text Books
    Dewey Decimal Classification     Faculty Publication PIET C-LIBRARY PIET C-LIBRARY 13/02/2025 Naples India INR 690.00   38640 13/02/2025 690.00 04/02/2025 Text Books
    Dewey Decimal Classification     Faculty Publication PIET C-LIBRARY PIET C-LIBRARY 13/02/2025 Naples India INR 690.00   38643 13/02/2025 690.00 04/02/2025 Text Books

Design & Developed by: PIET Central Library
R70 Miles Stone Pattikalyana Samalkha Panipat 132102
mail ID :- [email protected], Phone No:- 0180-2569700 Ex.216